Vízia hospodárskej politiky Slovenska

Z obsahu: Ako vyliečiť našinca z dávnych rašínovských diagnóz. Príroda a ekonomika sú si v mnohom podobné. Kľúčovou prioritou v 21. storočí bude pružnosť reakcie na zmeny prostredia. Zober konečne svoj osud do vlastných rúk, Jozef Mak.

Na minha lista:
Detalhes bibliográficos
Autor principal: Roháč, Dalibor
Outros Autores: Zachar, Dušan, Zemanovičová, Lívia, Ištvániková, Zuzana
Formato: Capítulo de Livro
Idioma:eslovaco
Assuntos:
Tags: Adicionar Tag
Sem tags, seja o primeiro a adicionar uma tag!

MARC

LEADER 00000naa a2200000 4500
001 r037320
005 20230921105437.5
041 0 |a slo 
044 |a SK 
245 1 0 |a Vízia hospodárskej politiky Slovenska  |c Dalibor Roháč, Dušan Zachar, Lívia Zemanovičová, Zuzana Ištvániková 
520 |a Z obsahu: Ako vyliečiť našinca z dávnych rašínovských diagnóz. Príroda a ekonomika sú si v mnohom podobné. Kľúčovou prioritou v 21. storočí bude pružnosť reakcie na zmeny prostredia. Zober konečne svoj osud do vlastných rúk, Jozef Mak. 
610 2 0 |a politika hospodárska 
610 2 0 |a vízie 
610 2 0 |a Slovensko 
610 2 0 |a vývoj hospodársky 
610 2 0 |a príroda 
610 2 0 |a prognózy hospodárske 
100 1 |a Roháč, Dalibor 
700 1 |a Zachar, Dušan 
700 1 |a Zemanovičová, Lívia 
700 1 |a Ištvániková, Zuzana